Nigérians célèbres par images - Statistiques

Statistiques générales
  • Ce quiz a été pris 61 fois
  • Le résultat moyen est 2 sur 8
Statistiques - réponses
Par images Réponse % Correct
Jay-Jay Okocha
64%
Vincent Enyeama
50%
Burna Boy
48%
Hakeem Olajuwon
43%
Fela Kuti
24%
Keziah Jones
7%
Wole Soyinka
7%
Tony Allen
3%
Aucun quiz correspondant
Distribution des résultats
% des personnes avec chaque résultat
Percentile par nombre de réponses
Votre historique - résultats
Vous n’avez pas pris ce quiz